Structural Mechanic / (Record no. 5401)
[ view plain ]
| 000 -LEADER | |
|---|---|
| fixed length control field | 00525nam a22002057a 4500 |
| 001 - CONTROL NUMBER | |
| JCCL Control Number | 5401 |
| 003 - CONTROL NUMBER IDENTIFIER | |
| JCCL marc code | BD-JhCC |
| 005 - DATE AND TIME OF LATEST TRANSACTION | |
| control field | 20171213191304.0 |
| 008 - FIXED-LENGTH DATA ELEMENTS--GENERAL INFORMATION | |
| fixed length control field | 171213s xxu||||| ||a| 00| 0 eng d |
| 035 ## - SYSTEM CONTROL NUMBER | |
| system control number | (BD-JhCC)5401 |
| 040 ## - CATALOGING SOURCE | |
| Original cataloging agency | BD-JhCC |
| Modifying agency | BD-JhCC |
| 041 ## - LANGUAGE CODE | |
| Language code of Book | eng |
| 082 ## - DEWEY DECIMAL CLASSIFICATION NUMBER | |
| Classification number | 624.171 |
| Author mark and Year | STR |
| 245 ## - TITLE STATEMENT | |
| Title | Structural Mechanic / |
| Statement of responsibility, etc | A. Darkov, Kuznetsov, |
| 260 ## - PUBLICATION, DISTRIBUTION, ETC. (IMPRINT) | |
| Place of publication, distribution, etc | Moscow : |
| Name of publisher, distributor, etc | Mir publishers, |
| 300 ## - PHYSICAL DESCRIPTION | |
| Pagination | 703 p. : |
| Other physical details | ills; |
| Dimensions | 22 cm. |
| 650 ## - SUBJECT ADDED ENTRY--TOPICAL TERM | |
| Topical term or geographic name as entry element | Structural analysis ( Engineering) |
| 942 ## - ADDED ENTRY ELEMENTS (KOHA) | |
| Source of classification or shelving scheme | Dewey Decimal Classification |
| Koha item type | Books |
| Source of classification or shelving scheme | Damaged status | Not for loan | Home library | Current library | Shelving location | Total Checkouts | Full call number | Barcode | Date last seen | Copy number | Koha item type |
|---|---|---|---|---|---|---|---|---|---|---|---|
| Dewey Decimal Classification | JCC Rouf Library | JCC Rouf Library | General Stacks | 624.171 STR | 7556 | 12/13/2017 | C - 1 | Books |